Bála som sa,aby som nedostala infarkt Marietta Žigalová sa nielenže kvalifikovala na Olympiu,ale dostala aj cenu za najkrajšiu fitnesovú postavu

Bibliographic Details
Main Author: Gressner, Igor (Author)
Format: Article
Language:Slovak
Subjects:

MARC

LEADER 00000nab a2200000 a 4500
001 vtls000929919
003 SK-MaSNL
005 20260303033201.0
008 040720e19990720xo 0 slo
035 |a KE38796 
040 |a KEVKJB  |b slo  |c KEVKJB  |e AACR2 
041 0 |a slo 
044 |a xo  |c SK 
080 |a 796.8  |2 1981 
100 1 |a Gressner, Igor  |4 aut  |9 838363 
245 1 0 |a Bála som sa,aby som nedostala infarkt  |b Marietta Žigalová sa nielenže kvalifikovala na Olympiu,ale dostala aj cenu za najkrajšiu fitnesovú postavu 
590 |a Žigalová, Marietta  |b fitnesska, majsterka Európy, sveta 
600 1 7 |a Žigalová, Marietta,  |d 1968-  |2 KEVKJB  |9 14376 
650 0 7 |a fitnes  |2 KEVKJB  |9 31481 
650 0 7 |a medzinárodné súťaže  |2 KEVKJB  |9 71259 
650 0 7 |a rozhovory  |2 KEVKJB  |9 453585 
651 7 |a Košice (Slovensko)  |2 KEVKJB  |9 18694 
651 7 |a KE,  |2 KEVKJB  |9 877256 
655 7 |a periodikum  |2 snkbucl  |9 29553 
773 0 8 |t Šport  |g Roč. 53  |g Roč. 20, č.165, 20.7.1999, s. 5 
852 |a ZVYKNI  |b KIS3GCP 
999 |c 1668913  |d 1670843